000 00468nam a2200157 i 4500
001 50734
003 ES-MaACL
005 20230906162229.0
007 t|
008 030806s1926 sp ||||1| spa d
100 1 _aCuriá Martínez, Severo.
_942209
245 1 3 _aEl valle de Benasque y sus maravillas /
_cSevero Curia Martínez.
260 _aSanta Cruz de Tenerife :
_b[s.n.,
_c1926] (
_fTip. Católica)
300 _a78 p. ;
_c24 cm.
852 _aES-MaACL
_j1700-F-10
999 _c50734
_d50734